000 00440nam a2200169Ia 4500
008 230524s9999 xx 000 0 und d
082 _a658.45
_bHAY
100 _aYujiro Hayami
245 0 _aDevelopment Economics: From the Poverty to the Wealth of Nations
250 _a3RD
260 _aNEW DELHI
_bOxford
_c2010
300 _a429
500 _aQuantity Number: 2
650 _aEconomics
700 _a Yoshihisa Godo
942 _cBK
999 _c49239
_d49239